Normal view
MARC view
- Syed M Saim Navaid Ahmed Waqar Rao Muhammad Osama Gul
Entry Personal Name
001 - CONTROL NUMBER
- control field: 98614
003 - CONTROL NUMBER IDENTIFIER
- control field: NUST
005 - DATE AND TIME OF LATEST TRANSACTION
- control field: 20220829152021.0
008 - FIXED-LENGTH DATA ELEMENTS
- fixed length control field: 220829|| aca||aabn | a|a d
040 ## - CATALOGING SOURCE
- Original cataloging agency: NUST
- Transcribing agency: NUST
100 ## - HEADING--PERSONAL NAME
- Personal name: Syed M Saim Navaid Ahmed Waqar Rao Muhammad Osama Gul
670 ## - SOURCE DATA FOUND
- Source citation: Work cat.: (NUST): Syed M Saim Navaid Ahmed Waqar Rao Muhammad Osama Gul, PR-SOF-2123-Design and Development of Olive Pitting and Grading Machine, 2022.
